Chinese Borders-Sudden Death - Statistics

General Stats
  • This quiz has been taken 87 times
  • The average score is 9 of 14
Answers on the Grid
Answers color-coded by a green-red scale on the quiz's grid according to % correct below.
South Korea
Japan
Taiwan
Philippines
Thailand
Bangladesh
Afghanistan
Bhutan
India
Kazakhstan
Kyrgystan
Laos
Mongolia
Myanmar
Nepal
North Korea
Pakistan
Russia
Tajikistan
Vietnam
 
Answer Stats
Answer % Correct
India
84%
Russia
81%
Mongolia
78%
North Korea
78%
Bhutan
70%
Nepal
68%
Pakistan
65%
Vietnam
65%
Kazakhstan
62%
Afghanistan
59%
Laos
59%
Kyrgystan
57%
Myanmar
57%
Tajikistan
51%
No matching quizzes found
Score Distribution
Percent of People with Each Score
Percentile by Number Answered
Your Score History
You have not taken this quiz